Autobahnausfahrten der BAB65 - Statistiken

Allgemein
  • Dieses Quiz wurde 29 mal gespielt
  • Das Durchschnittsergebnis liegt bei 11 aus 20
Antwortstatistiken
Ausfahrt Name % Korrekt
10 Haßloch
90%
22 Kandel-Süd
80%
15 Landau-Nord
80%
17 Landau-Süd
80%
20 Kandel-Nord
70%
7 Kreuz Mutterstadt
70%
16 Landau-Zentrum
70%
12 Neustadt-Nord
70%
13 Neustadt-Süd
70%
14 Edenkoben
60%
21 Kandel-Mitte
60%
24 Wörther Kreuz
60%
8 Dannstadt-Schauernheim
50%
11 Deidesheim
40%
6 Mutterstadt-Nord
40%
9 Hochdorf-Assenheim
30%
18 Insheim
30%
19 Rohrbach
30%
23 Wörth-Dorschberg
30%
5 Dreieck Ludwigshafen-Süd
20%
Keine übereinstimmenden Quizze gefunden
Verteilung der Resultate
Anzahl Personen mit jedem Resultat
Perzentil nach korrekt beantworteten Fragen
Ihre Resultats-Entwicklung
Sie haben dieses Quiz noch nicht gespielt